000 00622nam a2200241Ia 4500
003 OSt
005 20221005120035.0
006 a|||||r|||| 00| 0
007 ta
008 221004b |||||||| |||| 00| 0 eng d
024 _a64873
037 _cTextual
040 _aCRL
_cCRL
_beng
041 _2eng
_aeng
082 _aXv2:M9, K5
100 _aGanguli B. N.
245 0 _aDadabhai Naoroji and the drain theory
260 _c1965
490 _aDadabhai Naoroji memorial prize fund lectures.
650 _aECONOMICS
942 _hXv2:M9, K5
_cTEXL
_2cc
999 _c1036673
_d1036673